Intrigas de tocador / (Record no. 160424)

MARC details
000 -LEADER
campo de control de longitud fija 00676nam a22001815i 4500
001 - NÚMERO DE CONTROL
campo de control 160424
003 - IDENTIFICADOR DE NÚMERO DE CONTROL
campo de control ES-MaACL
005 - FECHA Y HORA DE LA ÚLTIMA TRANSACCIÓN
campo de control 20251122063132.0
008 - DATOS DE LONGITUD FIJA--INFORMACIÓN GENERAL
campo de control de longitud fija 981002s1886 sp |||| | spa d
040 ## - FUENTE DE CATALOGACIÓN
Centro catalogador/agencia de origen CLM
Lengua de catalogación spa
Centro/agencia transcriptor CCPB | 3D
100 1# - ENTRADA PRINCIPAL--NOMBRE DE PERSONA
Nombre de persona Murray, Eustace Clare Grenville,
Fechas asociadas al nombre 1824-1881
9 (RLIN) 130298
245 10 - MENCIÓN DEL TÍTULO
Título Intrigas de tocador /
Mención de responsabilidad, etc. Novela escrita en inglés por E.C. Grenville Murray.
260 ## - PUBLICACIÓN, DISTRIBUCIÓN, ETC.
Lugar de publicación, distribución, etc. Madrid :
Nombre del editor, distribuidor, etc. [s.n.],
Fecha de publicación, distribución, etc. 1886 (
Fabricante Est. Tip. de "El Globo")
300 ## - DESCRIPCIÓN FÍSICA
Extensión 1 v. (327 ; 252 p.) ;
Dimensiones 17 cm.
597 ## - NOTA DE DESCRIPCIÓN FÍSICA
NOTA DE DESCRIPCIÓN FÍSICA Enc. 2 t. en 1 v.
852 ## - LOCALIZACIÓN
Ubicación ES-MaACL
Número de control de estantería F-5383-84
Nota libre -- Enc. pasta española
Encuadernación -- Edic.: la ed. probablemente fue en 2 v.
Holdings
Estatus retirado Estado de pérdida Estado de daño No para préstamo Colección Biblioteca de origen Biblioteca actual Ubicación en estantería Fecha de adquisición Total de préstamos Signatura topográfica completa Código de barras Visto por última vez Precio de reemplazo Tipo de ítem Koha
        Libros del s. XIX Biblioteca del Ateneo de Madrid Biblioteca del Ateneo de Madrid Depósito 2 17/01/2008   F-5383-84 1167976 23/02/2023 23/02/2023 Libro impreso antiguo